Ancient churches of Ethiopia : (Record no. 23686)

000 -LEADER
fixed length control field 01721cam a2200337 a 4500
001 - CONTROL NUMBER
control field 15521592
003 - CONTROL NUMBER IDENTIFIER
control field OSt
005 - DATE AND TIME OF LATEST TRANSACTION
control field 20170127090121.0
008 - FIXED-LENGTH DATA ELEMENTS--GENERAL INFORMATION
fixed length control field 081114s2009 ctuabe b 001 0 eng
010 ## - LIBRARY OF CONGRESS CONTROL NUMBER
LC control number 2008049849
015 ## - NATIONAL BIBLIOGRAPHY NUMBER
National bibliography number GBA906059
Source bnb
016 7# - NATIONAL BIBLIOGRAPHIC AGENCY CONTROL NUMBER
Record control number 014883432
Source Uk
020 ## - INTERNATIONAL STANDARD BOOK NUMBER
International Standard Book Number 9780300141566 (cloth)
020 ## - INTERNATIONAL STANDARD BOOK NUMBER
International Standard Book Number 0300141564 (cloth)
035 ## - SYSTEM CONTROL NUMBER
System control number (OCoLC)ocn262432372
040 ## - CATALOGING SOURCE
Original cataloging agency DLC
Transcribing agency DLC
Modifying agency BTCTA
-- YDXCP
-- UKM
-- BWKUK
-- BWK
-- BWX
-- CDX
-- DLC
043 ## - GEOGRAPHIC AREA CODE
Geographic area code f-et---
050 00 - LIBRARY OF CONGRESS CALL NUMBER
Classification number NA6086
Item number .P49 2009
082 00 - DEWEY DECIMAL CLASSIFICATION NUMBER
Classification number 726.50963
Edition number 22
100 1# - MAIN ENTRY--PERSONAL NAME
Personal name Phillipson, D. W.
245 10 - TITLE STATEMENT
Title Ancient churches of Ethiopia :
Remainder of title fourth-fourteenth centuries /
Statement of responsibility, etc. David W. Phillipson.
260 ## - PUBLICATION, DISTRIBUTION, ETC. (IMPRINT)
Place of publication, distribution, etc. New Haven, Conn. :
Name of publisher, distributor, etc. Yale University Press,
Date of publication, distribution, etc. c2009.
300 ## - PHYSICAL DESCRIPTION
Extent xiii, 230 p. :
Other physical details col. ill., maps, plans ;
Dimensions 29 cm.
504 ## - BIBLIOGRAPHY, ETC. NOTE
Bibliography, etc Includes bibliographical references (p. 210-223) and index.
505 0# - FORMATTED CONTENTS NOTE
Formatted contents note Ethiopian history and Christianity -- Aksumite Christianity and churches -- Late- and post-Aksumite built churches -- Rock-hewn churches -- Lalibela : eastern complex and Beta Giyorgis -- Lalibela : northern complex and conclusions -- Chronology and affinities of ancient Ethiopian churches -- Appendix A : early travellers at Lalibela : a historical survey -- Appendix B : glossary.
650 #0 - SUBJECT ADDED ENTRY--TOPICAL TERM
Topical term or geographic name as entry element Church architecture
Geographic subdivision Ethiopia.
650 #0 - SUBJECT ADDED ENTRY--TOPICAL TERM
Topical term or geographic name as entry element Church buildings
Geographic subdivision Ethiopia.
651 #0 - SUBJECT ADDED ENTRY--GEOGRAPHIC NAME
Geographic name Ethiopia
General subdivision Church history.
906 ## - LOCAL DATA ELEMENT F, LDF (RLIN)
a 7
b cbc
c orignew
d 1
e ecip
f 20
g y-gencatlg
942 ## - ADDED ENTRY ELEMENTS (KOHA)
Source of classification or shelving scheme
Koha item type Hard Covered Materials
Classification part NA 6086 .P49 2009
Holdings
Withdrawn status Lost status Source of classification or shelving scheme Damaged status Not for loan Home library Current library Shelving location Date acquired Source of acquisition Total Checkouts Full call number Barcode Date last seen Price effective from Koha item type
          MACHAKOS UNIVERSITY LIBRARY MACHAKOS UNIVERSITY LIBRARY Technical section 27/01/2017 Donation(B.F.A)   NA 6086 .P49 2009 32507 13/09/2018 27/01/2017 Hard Covered Materials
© Machakos University Library, Along The Highway, Machakos Wote Rd, Machakos, Kenya P.O. Box 136 - 90100 Machakos - Kenya

Tel: ( +254 ) 723 805829 OR Fax : 044-20353 OR Email: library@mksu.ac.ke